| 000 | 00722nam a2200217 4500 | ||
|---|---|---|---|
| 001 | 117528 | ||
| 003 | ES-MaACL | ||
| 005 | 20240429142351.0 | ||
| 007 | t| | ||
| 008 | 070214s1987 sp r ||||1| spa d | ||
| 245 | 0 | 0 |
_aPanorama antológico de poetisas españolas, siglos XV al XX / _c[selección de] Luzmaría Jiménez Faro ; [prólogo, Florencio Martínez Ruiz]. |
| 250 | _a1ª ed. | ||
| 260 |
_aMadrid : _bTorremozas, _c1987. |
||
| 300 |
_a333 p. ; _c21 cm. |
||
| 490 | 1 |
_aAntologías ; _v2 |
|
| 700 | 0 |
_aJiménez Faro, Luzmaría, _d1937-2015 _966520 |
|
| 700 | 1 |
_aMartínez Ruiz, Florencio. _978387 |
|
| 830 | 0 |
_aAntologías ; _v2 _9186401 |
|
| 852 |
_aES-MaACL _jL-11745 _bR.113522 |
||
| 999 |
_c117528 _d117528 |
||